Mies van der Rohe (Record no. 955)

MARC details
000 -CABECERA
campo de control de longitud fija 00863nam a2200217 a 4500
001 - NÚMERO DE CONTROL
campo de control BRCA_1076
005 - FECHA Y HORA DE LA ÚLTIMA TRANSACCIÓN
campo de control 20190320203252.0
008 - DATOS DE LONGITUD FIJA--INFORMACIÓN GENERAL
campo de control de longitud fija 220508s1998----gw-a---###---#000-0#ger-#
020 ## - NÚMERO INTERNACIONAL ESTÁNDAR DEL LIBRO
Número Internacional Estándar del Libro 3931936163
050 #4 - SIGNATURA TOPOGRÁFICA DE LA BIBLIOTECA DEL CONGRESO
Número de clasificación NK2397
Número de documento/Ítem .M54 1998
245 10 - MENCIÓN DE TÍTULO
Título Mies van der Rohe
Resto del título Möbel und Buten in Stuttgart, Barcelona, Brno.
260 ## - PUBLICACIÓN, DISTRIBUCIÓN, ETC.
Lugar de publicación, distribución, etc. [Weil-am-Rhein], Alemania
Nombre del editor, distribuidor, etc. Vitra Design Museum
Fecha de publicación, distribución, etc. 1998
300 ## - DESCRIPCIÓN FÍSICA
Extensión 225 p.
Otras características físicas il. a color
Dimensiones 26 cm.
500 ## - NOTA GENERAL
Nota general Catálogo de la exposición realizada en el Museo Franz Mayer (Ciudad de México), 16 julio - 3 octubre, 1997
504 ## - NOTA DE BIBLIOGRAFÍA, ETC.
Nota de bibliografía, etc. Bibliografía: p. 220-222
600 14 - PUNTO DE ACCESO ADICIONAL DE MATERIA--NOMBRE DE PERSONA
Nombre de persona Rohe, Ludwig Mies van der
Fechas asociadas al nombre 1886-1969
Subdivisión general Crítica e interpretación
9 (RLIN) 3546
650 14 - PUNTO DE ACCESO ADICIONAL DE MATERIA--TÉRMINO DE MATERIA
Término de materia o nombre geográfico como elemento de entrada Arquitecto
Subdivisión cronológica Siglo XX
Subdivisión geográfica Alemania
9 (RLIN) 3547
650 14 - PUNTO DE ACCESO ADICIONAL DE MATERIA--TÉRMINO DE MATERIA
Término de materia o nombre geográfico como elemento de entrada Diseño industrial
Subdivisión cronológica Siglo XX
Subdivisión geográfica Alemania
9 (RLIN) 3548
650 14 - PUNTO DE ACCESO ADICIONAL DE MATERIA--TÉRMINO DE MATERIA
Término de materia o nombre geográfico como elemento de entrada Muebles
Subdivisión general Diseño
Subdivisión cronológica Siglo XX
Subdivisión geográfica Alemania
9 (RLIN) 3549
942 ## - ELEMENTOS DE PUNTO DE ACCESO ADICIONAL (KOHA)
Fuente del sistema de clasificación o colocación Library of Congress Classification
Tipo de ítem Koha Libros
Holdings
Estado de retiro Estado de pérdida Estado dañado No para préstamo Localización permanente Ubicación/localización actual Fecha de adquisición Total de préstamos Signatura topográfica completa Código de barras Fecha visto por última vez Precio válido a partir de Tipo de ítem Koha
El ejemplar forma parte de la colección y puede ser consultado según las políticas vigentes.       Biblioteca del Museo Franz Mayer (Rogerio Casas-Alatriste) Biblioteca del Museo Franz Mayer (Rogerio Casas-Alatriste) 26/06/2008   NK2397 .M54 1998 01561 22/03/2019 22/03/2019 Libros